The practical guide to mooting / (Record no. 264997)
[ view plain ]
| 000 -LEADER | |
|---|---|
| fixed length control field | 02824cam a2200385 i 4500 |
| 001 - CONTROL NUMBER | |
| control field | 22017143 |
| 003 - CONTROL NUMBER IDENTIFIER | |
| control field | OSt |
| 005 - DATE AND TIME OF LATEST TRANSACTION | |
| control field | 20251008135117.0 |
| 008 - FIXED-LENGTH DATA ELEMENTS--GENERAL INFORMATION | |
| fixed length control field | 210430s2021 enk b 001 0 eng |
| 010 ## - LIBRARY OF CONGRESS CONTROL NUMBER | |
| LC control number | 2021020352 |
| 020 ## - INTERNATIONAL STANDARD BOOK NUMBER | |
| International Standard Book Number | 9781509935031 |
| Qualifying information | (paperback) |
| 035 ## - SYSTEM CONTROL NUMBER | |
| System control number | 22017143 |
| 040 ## - CATALOGING SOURCE | |
| Original cataloging agency | DLC |
| Language of cataloging | eng |
| Description conventions | rda |
| Transcribing agency | DLC |
| 042 ## - AUTHENTICATION CODE | |
| Authentication code | pcc |
| 043 ## - GEOGRAPHIC AREA CODE | |
| Geographic area code | e-uk--- |
| 050 00 - LIBRARY OF CONGRESS CALL NUMBER | |
| Classification number | KD440.A2 |
| Item number | H55 2021 |
| 082 00 - DEWEY DECIMAL CLASSIFICATION NUMBER | |
| Classification number | 340.071/141 |
| Edition number | 23 |
| 100 1# - MAIN ENTRY--PERSONAL NAME | |
| Personal name | Hill, Jeffrey, |
| Relator term | author. |
| 245 14 - TITLE STATEMENT | |
| Title | The practical guide to mooting / |
| Statement of responsibility, etc | Jeffrey Hill. |
| 250 ## - EDITION STATEMENT | |
| Edition statement | Second edition. |
| 264 #1 - PRODUCTION, PUBLICATION, DISTRIBUTION, MANUFACTURE, AND COPYRIGHT NOTICE | |
| Place of production, publication, distribution, manufacture | Oxford, UK ; |
| -- | New York : |
| Name of producer, publisher, distributor, manufacturer | Hart Publishing, an imprint of Bloomsbury Publishing, |
| Date of production, publication, distribution, manufacture, or copyright notice | 2021. |
| 300 ## - PHYSICAL DESCRIPTION | |
| Extent | xviii, 248 pages ; |
| Dimensions | 24 cm |
| 336 ## - CONTENT TYPE | |
| Content type term | text |
| Content type code | txt |
| Source | rdacontent |
| 337 ## - MEDIA TYPE | |
| Media type term | unmediated |
| Media type code | n |
| Source | rdamedia |
| 338 ## - CARRIER TYPE | |
| Carrier type term | volume |
| Carrier type code | nc |
| Source | rdacarrier |
| 504 ## - BIBLIOGRAPHY, ETC. NOTE | |
| Bibliography, etc | Includes bibliographical references and index. |
| 505 0# - FORMATTED CONTENTS NOTE | |
| Formatted contents note | An introduction to mooting -- Knowledge of key aspects of the legal system -- A guide to researching your submissions and preparing for the moot -- Before the moot : preparation of skeleton arguments and bundles -- At the moot : referring to legal authorities and using your bundle effectively -- At the moot : style, presentation, and etiquette -- At the moot : demonstrating relevant legal knowledge and structure -- At the moot : responding to your opponent's submissions -- At the moot : dealing with the judges -- After the moot : reflecting on performance and dealing with feedback -- The organisation of moots and mooting competitions -- Advice on competing in mooting competitions in the UK -- Getting involved in international mooting competitions -- Further reading and viewing. |
| 520 ## - SUMMARY, ETC. | |
| Summary, etc | "A must-read for students involved in mooting, this new edition of Jeffrey Hill's textbook has been fully updated and revised, and provides students with clear and compelling advice on every aspect of mooting. The book covers: - key aspects of the legal system; - the way in which moots are assessed; - what the judges are looking for; - how to structure a legal argument; and - how to prepare a skeleton argument and bundles. The text is accompanied by videos of Supreme Court hearings so that students can learn from, and emulate, the advocacy skills of some of the most eminent advocates and lawyers"-- |
| Assigning source | Provided by publisher. |
| 650 #0 - SUBJECT ADDED ENTRY--TOPICAL TERM | |
| Topical term or geographic name as entry element | Moot courts |
| Geographic subdivision | Great Britain. |
| Topical term or geographic name as entry element | Trial practice |
| Geographic subdivision | Great Britain. |
| 776 08 - ADDITIONAL PHYSICAL FORM ENTRY | |
| Display text | Online version: |
| Main entry heading | Hill, Jeffrey. |
| Title | Practical guide to mooting |
| Edition | Second edition. |
| Place, publisher, and date of publication | Gordonsville : Hart Publishing, an imprint of Bloomsbury Publishing, 2021 |
| International Standard Book Number | 9781509935055 |
| Record control number | (DLC) 2021020353 |
| 906 ## - LOCAL DATA ELEMENT F, LDF (RLIN) | |
| a | 7 |
| b | cbc |
| c | orignew |
| d | 1 |
| e | ecip |
| f | 20 |
| g | y-gencatlg |
| 942 ## - ADDED ENTRY ELEMENTS (KOHA) | |
| Source of classification or shelving scheme | Library of Congress Classification |
| Koha item type | Long Loan Books |
| Withdrawn status | Lost status | Source of classification or shelving scheme | Damaged status | Not for loan | Collection code | Home library | Current library | Shelving location | Date acquired | Source of acquisition | Total Checkouts | Full call number | Barcode | Date last seen | Price effective from | Koha item type |
|---|---|---|---|---|---|---|---|---|---|---|---|---|---|---|---|---|
| Library of Congress Classification | Non-fiction | Rongo University Library | Law Library | General Stacks | 29/08/2025 | corporate campus Ltd | KD440.A2 H55 2021 | 20260073 | 08/10/2025 | 08/10/2025 | Long Loan Books | |||||
| Library of Congress Classification | Non-fiction | Rongo University Library | Law Library | General Stacks | 29/08/2025 | corporate campus Ltd | KD440.A2 H55 2021 | 20260074 | 08/10/2025 | 08/10/2025 | Long Loan Books |
